| 000 | 01270 a2200241 4500 | ||
|---|---|---|---|
| 003 | Nust | ||
| 005 | 20240308093936.0 | ||
| 010 | _a 92024917 | ||
| 020 | _a0471548049 | ||
| 040 | _cNust | ||
| 082 | 0 | 0 | _a530,RES |
| 100 | 1 |
_aHalliday, David, _95033 |
|
| 245 | 1 | 0 |
_aPhysics Volume-2 / _cDavid Halliday, Robert Resnick, Kenneth S. Krane. |
| 250 | _a4th ed. Volume-2 | ||
| 260 |
_aNew York : _bWiley, _cc1992. |
||
| 300 |
_a1216p, v. (various pagings) : _bill. (some col.) ; _c29 cm. |
||
| 505 | _aElectric Charge And Coulomb’s Law (Page-593), The Electric Field (Page-605), Gauss’ Law (Page-627), Electric Potential (Page-651), Capacitors And Dielectrics (Page-677), Grating And Spectra (Page-985), Polarization (Page-1003), Light And Quantum Physics (Page-1021), The Wave Nature Of Matter (Page-1043), The Structure Of Atomic Hydrogen (Page-1069), Atomics Physics (Page-1095), Electrical Conduction In Solids (Page-1115), Nuclear Physics (Page-1141), Energy From The Nucleus (Page-1167), Particle Physics And Cosmology (Page-1189). | ||
| 650 | 0 |
_aPhysics Vol-2. _996056 |
|
| 700 | 1 |
_aKrane, Kenneth S. _939001 |
|
| 700 | 1 |
_aResnick, Robert, _d1923- _91506 |
|
| 856 | 4 |
_3Table of Contents _uhttp://www.loc.gov/catdir/toc/onix05/92024917.html |
|
| 942 |
_2ddc _cREF |
||
| 999 |
_c176719 _d176719 |
||